Patrick geddes in India (Record no. 416470)

000 -LEADER
fixed length control field 00398cam a22001337a 4500
008 - FIXED-LENGTH DATA ELEMENTS--GENERAL INFORMATION
fixed length control field 180718b1947 xxu||||| |||| 00| 0 eng d
082 ## - DEWEY DECIMAL CLASSIFICATION NUMBER
Classification number J7x54 G267
100 ## - MAIN ENTRY--PERSONAL NAME
Personal name Geddes, Patrick
245 ## - TITLE STATEMENT
Title Patrick geddes in India
Statement of responsibility, etc. by Patrick Geddes; edited by Jaqueline Tyrwhitt
260 ## - PUBLICATION, DISTRIBUTION, ETC.
Place of publication, distribution, etc. London
Name of publisher, distributor, etc. Lund Humphries
Date of publication, distribution, etc. 1947
300 ## - PHYSICAL DESCRIPTION
Extent 103p
650 ## - SUBJECT ADDED ENTRY--TOPICAL TERM
Topical term or geographic name entry element City planning --India.
700 ## - ADDED ENTRY--PERSONAL NAME
Personal name Tyrwhitt, Jaqueline
Holdings
Withdrawn status Lost status Damaged status Not for loan Permanent Location Current Location Date acquired Full call number Barcode Date last seen Price effective from Koha item type
        Indian Institute of Public Administration Indian Institute of Public Administration 2009-03-17 J7x54 G267 DA1199 2018-07-21 2018-07-21 DA
        Indian Institute of Public Administration Indian Institute of Public Administration 2010-01-07 J7x54 G267 5110 2018-07-21 2018-07-21 Book

Powered by Koha